questions sur le tennis de table - Statistiques

Statistiques générales
  • Ce quiz a été pris 8 fois
  • Le résultat moyen est 4 sur 10
Statistiques - réponses
Hint Réponse % Correct
quel joueur de tennis de table à gagner le plus de médailles d'or olympiques ? ma long
100%
combien de médailles d'or olympiques a-t-il remporter ? 6
60%
comment appelle-t-on un joueur dont le style de jeu est de se mettre loin de la table pour couper les balles ? un défenseur
40%
comment appelle-t-on un revêtement completement lisse qui sert à stopper les effets ? un antitop
40%
quel geste consiste à seulement mettre sa raquette en opposition lorsque l'adversaire fait un topspin ? un bloque
40%
comment appelle -t-on un échange loin de la table en top sur top ? un rallie
40%
comment appelle -t-on un service dans lequel il n'y a pas d'effet ? un service mou
40%
comment appelle-t-on un rêvetement sur lequel il y a des petit pico courts et plats ? un soft
40%
quel joueur de tennis de table français à le plus de titre de champion de france ? jacques secrétin
20%
quel joueuse française de tennis de table à gagné le plus de titres de championne de france ? pauline chasselin
20%
Aucun quiz correspondant
Distribution des résultats
% des personnes avec chaque résultat
Percentile par nombre de réponses
Votre historique - résultats
Vous n’avez pas pris ce quiz